00291nam a2200109Ia 4500008004100000082001000041100002600051245002600077260002600103630002600129730002600155100328s9999 xx 000 0 und d b52854 aChaturvedi Benarsidas aCharles Freer Andrews bPublications Division aCharles Freer Andrews aCharles Freer Andrews